000 00816cab a2200265 4500
001 WB3309-08
008 090401t1997 xxu||||| |||| 00| 0 eng d
035 _a(Sirsi) u59715
041 _aeng
245 _aSheffield survey
260 _c1997
300 _aLOAN
350 _a0
490 _aFinancial Times
_v28 February 1997 (4)
520 _aLooks at Sheffield and the Sheffield Development Corporation strategy taking the Lower Don Valley as a case study. Also Sheffield City Airport, the steel industry and new industries.
650 _aLOWER DON VALLEY
650 _aMANUFACTURING INDUSTRY
650 _aNEW INDUSTRIES
650 _aSHEFFIELD CITY AIRPORT
650 _aSHEFFIELD
650 _aSTEEL INDUSTRY
690 _aPROPERTY-COMMERCIAL PROPERTY
942 _n0
948 _c04/03/1997
999 _c36685
_d36685